00483nam a2200169Ia 450000500170000000800410001704000190005804100120007708200130008910000190010224500540012126000530017530000100022850400500023865000150028885000100030320221021115320.0131103s9999 xx 000 0 und d aLoreto College aEnglish a150bEYS aEysenck, H. J. aSense and nonsesense in psychologycH. J. Eysenck aHarmondsworthbPenguin Booksc1957(1972printing) a349p  aIncludes bibliographical references and index aPsychology aLCLIB